|
|
|
|
| LEADER |
007110000a22002170004500 |
| 020 |
|
|
|a 978-0-143-06797-9
|
| 082 |
|
|
|a 927.992 DIL Q0
|
| 100 |
|
|
|a Alter, Joseph S; Author
|
| 245 |
|
|
|a Knowing Dil Das: stories of a Himalayan hunter
|
| 250 |
|
|
|
| 260 |
|
|
|a New Delhi, Penguin Books India (P) Ltd Ne
|e 2010
|
| 260 |
|
|
|c 2010
|
| 460 |
|
|
|a xvii,193p
|
| 465 |
|
|
|a Rs.299.00
|
| 500 |
|
|
|a Includes glossary and index
|
| 500 |
|
|
|a Joseph S Alter
|
| 650 |
|
|
|a Dil Das-Biography
|
| 650 |
|
|
|a Hunter-Himalaya Mountains-Biography
|
| 942 |
|
|
|c BK
|
| 999 |
|
|
|c 46277
|d 46277
|
| 952 |
|
|
|0 0
|1 0
|4 0
|6 927_992000000000000_DIL_Q0
|7 0
|8 ENG
|9 47004
|a MGUL
|b MGUL
|d 2013-07-16
|e Rs.299.00
|l 0
|o 927.992 DIL Q0
|p 44598
|r 2013-07-16
|w 2013-07-16
|y BK
|